Tilastot visalle Suomivisailu - muistatko mitä tapahtui 1990-luvulla?

Klikkaa tästä pelataksesi tätä visaa!

Yleistilastot

  • Tätä visaa on pelattu 472 kertaa
  • Keskiarvotulos 6 / 10

Vastaustilastot

VuosiVihjeVastaus% Oikein
1993Naantalissa avattiin ____________.Muumimaailma
88%
1990___________ päättymisestä tuli kuluneeksi 50 vuottaTalvisodan
87%
1998Nykytaiteen museo ________ avattiin Helsingissä.Kiasma
83%
1995Suomen kapteeni ___________ laukoi Suomen neljännen maalin loppuottelussa Ruotsia vastaan, ja suomi voitti jääkiekon MM-kultaa!Timo Jutila
66%
1992____________ voitti 16-vuotiaana olympiakultaa Albervillen OlympialaisissaToni Nieminen
61%
1996Miss Suomi ___________ sijoittui toiseksi perintöprisessaksi Miss Universum-kilpailuissa Las Vegasissa.Lola Odusoga
60%
1994____________hävisi presidentinvaalien toisella kierroksella Martti Ahtisaarelle.Elisabeth Rehn
57%
1997____________ aloitti lähetykset, joita kuultiin aluksi Helsingin, Turun, Tampereen ja Lahden alueella.Radio Nova
43%
1991Viihdesarja ____________ pilottijakso lähetettiin YLE TV2:ssaKummelin
41%
1999Suomessa käytiin eduskuntavaalit. Pääministerinä myöhemmin toiminut _____________ valittiin ensimmäistä kertaa kansanedustajaksi.Jyrki Katainen
41%

Tulosjakauma

Persentiili vastausten määrän mukaan

Jokaisen tuloksen saaneiden osuus

Tuloshistoriasi

Et ole pelannut tätä visaa